00549nam a22001697a 450000500170000001000120001702000260002903700140005508200080006924500970007726000470017427000710022130000210029270000300031394200170034399900190036020260227172515.0 aBACEN26 a9788199647879c399.00 bAksharesh a320 aPolitical science & International Relations Topicwise PYQ Solved papers/cEdited By N.N.Ojha aNoidabChronicle Publication (P) Ltdc2026 aA-1D, Sector 16, NoidabNoida (UP)e201301minfo@chronicleindia.in a321p.c27cm (Pb) aOjha N. N.eEditor987491 2ddccENmPOL c214983d214983